It looks like you're offline.
Open Library logo
additional options menu

MARC record from Internet Archive

LEADER: 01716cam 2200577 a 4500
001 ocm44439126
003 OCoLC
005 20201230074630.0
008 010806s1999 enk 000 f eng
040 $aUKM$beng$cUKM$dOCLCQ$dYDXCP$dAU@$dOCLCQ$dOCLCF$dOCLCO$dOCLCQ$dNZTHP$dOCLCQ$dUNITY
015 $aGB99X4107$2bnb
015 $aGBA041801$2bnb
019 $a41548086
020 $a0340712376
020 $a9780340712375
035 $a(OCoLC)44439126$z(OCoLC)41548086
082 04 $a823.914$221
084 $aF$2bcmc
100 1 $aRhodes, Pam.
245 10 $aWhispers /$cPam Rhodes.
260 $aLondon :$bHodder & Stoughton,$c1999.
300 $a295 pages ;$c24 cm
336 $atext$btxt$2rdacontent
337 $aunmediated$bn$2rdamedia
338 $avolume$bnc$2rdacarrier
650 0 $aHIV infections$vFiction.
650 7 $aHIV infections.$2fast$0(OCoLC)fst00949871
655 7 $aFiction.$2fast$0(OCoLC)fst01423787
655 7 $aMedical novels.$2gsafd
938 $aYBP Library Services$bYANK$n100169508
029 1 $aAU@$b000020144368
029 1 $aCBK$b028400321
029 1 $aNOK$b0340712376
029 1 $aNZ1$b5231938
029 1 $aUKBCI$b028400321
029 1 $aUKBNS$b028400321
029 1 $aUKBOR$b028400321
029 1 $aUKDEL$b028400321
029 1 $aUKDON$b0340712376
029 1 $aUKDOR$b028400321
029 1 $aUKMDD$b0340712376
029 1 $aUKPMH$b028400321
029 1 $aUKPMH$b0340712376
029 1 $aUKPTR$b0340712376
029 1 $aUKSCO$b028400321
029 1 $aUKSGC$b028400321
029 1 $aUKSOM$b028400321
029 1 $aUKYLI$b0340712376
029 1 $aUNITY$b028400321
994 $aZ0$bP4A
948 $hNO HOLDINGS IN P4A - 68 OTHER HOLDINGS